Catálogo
 En Linea

Du droit civil au droit public : (Registro nro. 19459)

Detalles MARC
000 -CABECERA
campo de control de longitud fija 00707cam a22002171 4500
001 - NÚMERO DE CONTROL
campo de control 000019946
005 - FECHA Y HORA DE LA ÚLTIMA TRANSACCIÓN
campo de control 20200929170212.0
008 - DATOS DE LONGITUD FIJA--INFORMACIÓN GENERAL
campo de control de longitud fija 840425s1950 fr 000 0 fre
010 ## - NÚMERO DE CONTROL DE LA BIBLIOTECA DEL CONGRESO
Número de control de LC 55040406
035 ## - NÚMERO DE CONTROL DEL SISTEMA
Número de control de sistema (OCoLC)10664074
040 ## - FUENTE DE LA CATALOGACIÓN
Centro catalogador/agencia de origen DO-SdBNP
Centro/agencia transcriptor CU-L
Centro/agencia modificador DLC
042 ## - CÓDIGO DE AUTENTICACIÓN
Código de autenticación premarc
050 00 - SIGNATURA TOPOGRÁFICA DE LA BIBLIOTECA DEL CONGRESO
Número de clasificación LAW <Europe France 7 Sava 1950>
100 1# - ENTRADA PRINCIPAL--NOMBRE DE PERSONA
Nombre de persona Savatier, Rene,
Fechas asociadas al nombre 1892-
9 (RLIN) 42535
245 10 - MENCIÓN DE TÍTULO
Título Du droit civil au droit public :
Resto del título a travers les personnes, les biens, et la responsabilite civile.
250 ## - MENCIÓN DE EDICIÓN
Mención de edición 2. ed.
260 ## - PUBLICACIÓN, DISTRIBUCIÓN, ETC.
Lugar de publicación, distribución, etc. Paris :
Nombre del editor, distribuidor, etc. Librarie generale de droit et de jurisprudence,
Fecha de publicación, distribución, etc. 1950.
300 ## - DESCRIPCIÓN FÍSICA
Extensión 179 p. ;
Dimensiones 20 cm.
650 #0 - PUNTO DE ACCESO ADICIONAL DE MATERIA--TÉRMINO DE MATERIA
Término de materia o nombre geográfico como elemento de entrada Civil law
Subdivisión geográfica France.
9 (RLIN) 42536
910 ## - DATOS DE OPCIÓN DEL USUARIO (OCLC)
Datos de opción del usuario Catalogación derivada / LC
Existencias
Estado de retiro Estado de pérdida Restricciones de uso No para préstamo Código de colección Localización permanente Ubicación/localización actual Ubicación en estantería Fecha de adquisición Número de inventario Total de préstamos Signatura topográfica completa Código de barras Fecha visto por última vez Precio válido a partir de Tipo de ítem Koha
      Excluido de préstamo Monografías: Libros y Folletos General General En catalogación 09.07.2010 LF1   19946-10 25.06.2020 25.06.2020 No se presta

Con tecnología Koha